00302pab a2200121 454500008004000000100002400040245004900064260000900113300001100122362001000133650001700143773002000160180718b2007 xxu||||| |||| 00| 0 eng d aSingh, Chandra B.P. aReinventing Indian universities: an approach c2007 ap.1-5. a8 Oct aUniversities aUniversity News